The Soviet economy : An introduction

Saved in:
Bibliographic Details
Main Author: Nove, Alec
Format: Book
Language:Undetermined
Published: London Allen & Unwin 1965
Subjects:
Tags: Add Tag
No Tags, Be the first to tag this record!
Institutions: Trung tâm Học liệu Trường Đại học Cần Thơ
LEADER 00492nam a2200193Ia 4500
001 CTU_83157
008 210402s9999 xx 000 0 und d
082 |a 330.947 
082 |b N937 
100 |a Nove, Alec 
245 4 |a The Soviet economy : 
245 3 |b An introduction 
245 0 |c Alec Nove 
260 |a London 
260 |b Allen & Unwin 
260 |c 1965 
650 |a Economic conditions 
904 |i Qhieu(sửa) 
980 |a Trung tâm Học liệu Trường Đại học Cần Thơ